期刊信息 |
| 索取号 |
I21/ZHX
|
| 题名 |
朝霞
|
| 作者 |
上海人民出版社编辑
|
| 分册号 |
|
| 分册名 |
|
| 出版地 |
上海
|
| 出版者 |
上海人民出版社
|
| 标准刊号 |
|
| 出版频率 |
月刊
|
| 中图法分类 |
I21
|
| 主题词 |
文学 作品集 中国
|
| 电子资源 | |
| |
|
| 000 | 00548nas0 2200193 45 | |
| 001 | 0754295780 | |
| 005 | 20070418150623.31 | |
| 011 | @dCNY0.25(1975) | |
| 100 | @a20070418d km y0chiy0120 ea | |
| 101 | 0 | @achi |
| 102 | @aCN@b310000 | |
| 200 | 1 | @a朝霞@AZhao Xia@f上海人民出版社编辑@FShang Hai Ren Min Chu Ban She Bian Ji |
| 210 | @a上海@c上海人民出版社 | |
| 326 | @a月刊 | |
| 606 | 0 | @a文学@x作品集@x中国 |
| 690 | @aI21@v4 | |
| 711 | 02 | @a上海人民出版社@AShang Hai Ren Min Chu Ban She@4编辑 |
| 801 | 0 | @aCN@bPFT@c20070418 |
| 905 | @aTJWY@dI21@eZHX | |
| 朝霞/上海人民出版社编辑.-上海:上海人民出版社 |
| CNY0.25(1975) |
| ● |
| 相关链接: |
|
|
|
|